Responses for show #2111 - Monday, November 8, 1993

1993 Celebrity Jeopardy! game 1.

Contestants

Dean Cain, a Man of Steel from television's Lois and Clark: The New Adventures of Superman

Elayne Boosler, an one of the brightest stars from the galaxy of comedy

Leslie Nielsen, a star from the red-hot Naked Gun films

Jeopardy! Round responses

THE ELEMENTS
TV SITCOMS
FRUITS & VEGETABLES
WORLD CITIES
RELIGION
"UNION"s
    $100 1
gold

Leslie
    $100 4
(Don) Rickles

Leslie
    $100 5
cabbage

Elayne
    $100 13
Berlin

Leslie
    $100 26
the Pope

Dean
    $100 6
the Soviet Union

Elayne
    $200 2
(Dean: What is heat?)

electricity

LeslieDean
    $200 20
Alice

Elayne
    $200 7
peaches

Elayne
    $200 14
Istanbul

Dean
    $200 27
transcendental

Leslie
    $200 16
the union label

Elayne
    $300 3
lead

Dean
    $300 21
Family Matters

Dean
    $300 8
grapes

Leslie
    $300 15
Vienna

Elayne
    $600 28
Catholicism

Leslie
    $300 17
(Dean: [No response])

the Union Jack

ElayneDean
    $400 11
carbon

Leslie
    $400 22
Hogan's Heroes

Dean
    $400 9
tomatoes

Leslie
    $400 24
(Elayne: What is Lyon?)
...
(Alex: Less than a minute to go.)

Marseille

LeslieElayne
    $400 18
credit union

Leslie
    $500 12
(Leslie: What is argon?)

hydrogen

Leslie
Triple Stumper
    $500 23
Leave It to Beaver

Dean
    $500 10
grapefruit

Leslie
    $500 25
(Leslie: What is Buenos Aires?)

Santiago

Leslie
Triple Stumper
    $500 19
(Leslie: What is the Union Pacific?)

Western Union

LeslieElayne

Scores at the first commercial break (after clue 11):

Leslie Elayne Dean
$2,000 $400 $100

Scores at the end of the Jeopardy! Round:

Leslie Elayne Dean
$2,200 $1,500 $1,300

Double Jeopardy! Round responses

HISTORY
MUSICAL THEATRE
FAMOUS LANDMARKS
HINTS FROM HELOISE
AMERICAN LITERATURE
HOLLYWOOD HODGEPODGE
    $200 1
Venice

Elayne
    $200 12
the Eiffel Tower

Leslie
    $200 2
a microwave oven

Dean
    $200 21
(Elayne: What is Mark Twain?)

Huck Finn

LeslieElayne
    $200 7
an agent

Elayne
    $400 3
Egypt

Elayne
    $400 13
Mount Rushmore

Dean
    $400 17
a garbage disposal

Leslie
    $400 22
(Elayne: What is the Tale of Sleepy Hollow?)

Rip Van Winkle

LeslieElayne
    $400 8
Clark Gable

Dean
    $600 4
de Gaulle

Leslie
    $600 14
the Colosseum

Leslie
    $600 18
the answering machine

Dean
    $600 23
Edgar Allan Poe

Leslie
    $600 9
Houdini

Dean
    $800 5
Mata Hari

Elayne
    $800 15
Mexico

Leslie
    $800 19
running

Elayne
    $800 24
(Elayne: Who is Buck?)
(Leslie: What is a malamute or a husky?)

White Fang

LeslieElayne
Triple Stumper
    $800 10
Clara Bow

Leslie
    $1,000 6
Lord Nelson

Elayne
    $2,000 16
the Jefferson Memorial

Leslie
    $1000 20
soda water

Dean
    $1000 25
Centennial

Leslie
    $1000 11
Valentino

Leslie

Scores at the end of the Double Jeopardy! Round:

Leslie Elayne Dean
$10,000 $3,500 $4,500
(lock game)

[wagering suggestions for these scores]

Final Jeopardy! Round responses

THE REVOLUTIONARY WAR
ElayneWhat is S. Carolina?
$3,499
DeanWhat is North Carolina?
$4,500
LeslieWhat's Virginia
$1,000
Massachusetts

Final scores:

Leslie Elayne Dean
$9,000 $1 $0
Winner: $10,000 to TreePeople and the Motion Picture Relief Home 2nd place: $10,000 to the Lange Foundation 3rd place: $10,000 to the Amanda Foundation

Game dynamics:

Coryat scores:

Leslie Elayne Dean
$8,700 $3,500 $4,500
24 R
(including 2 DDs),
4 W
14 R
(including 1 DD),
4 W
12 R,
2 W

Combined Coryat: $16,700

The J! Archive is created by fans, for fans. The Jeopardy! game show and all elements thereof, including but not limited to copyright and trademark thereto, are the property of Jeopardy Productions, Inc. and are protected under law. This website is not affiliated with, sponsored by, or operated by Jeopardy Productions, Inc. Join the discussion at JBoard.tv.